| 000 | 00708nam a22002297a 4500 | ||
|---|---|---|---|
| 003 | BUBTL | ||
| 008 | 231116b ||||| |||| 00| 0 eng d | ||
| 020 | _a817649921-X | ||
| 041 | _aeng | ||
| 082 | _a428/ K9642g/ 2004 | ||
| 100 |
_aKunze, Susan Andrews _95580 |
||
| 245 |
_aGrammar & Punctuation 2/ _bSusan Andrews Kunze |
||
| 250 | _aIst ed. | ||
| 260 |
_aNew Delhi : _bViva Education, _cc2004 |
||
| 300 |
_a107 p. : _bills. ; _c20 cm. |
||
| 505 | _aGrammar & Punctuation, Susan Andrews Kunze, English Language, Sentences, Sentence Punctuation | ||
| 526 | _aEnglish Language | ||
| 650 | 0 |
_9194 _aEnglish Language |
|
| 856 |
_k0 _l0 _yDownload |
||
| 942 |
_2ddc _cBK |
||
| 999 |
_c7143 _d7143 |
||